000 00808cab a2200229 4500
001 WB2934-27
008 090401t1993 xxu||||| |||| 00| 0 eng d
035 _a(Sirsi) u25102
041 _aeng
245 _aPlanning action
260 _c1993
350 _a0
490 _aCSW - The Property Week
_v44(12) 16 September 1993, 56(1)
520 _aA reminder about certificates of lawful use or development and how the value of a portfolio could be enhanced by obtaining certificates, where planning permission would not be granted for development which has been carried out.
650 _aCERTIFICATES OF LAWFUL USE
650 _aENFORCEMENT NOTICES
650 _aESTABLISHED USE CERTIFICATES
650 _aINJUNCTIONS
690 _aPLANNING LAW AND PRACTICE
942 _n0
948 _c04/03/1997
999 _c16835
_d16835